Gordis epidemiology / (Record no. 31899)

000 -LEADER
fixed length control field 03683cam a22004937i 4500
001 - CONTROL NUMBER
control field 20557688
005 - DATE AND TIME OF LATEST TRANSACTION
control field 20231017145850.0
008 - FIXED-LENGTH DATA ELEMENTS--GENERAL INFORMATION
fixed length control field 180626t20192019pauac b 001 0 eng c
010 ## - LIBRARY OF CONGRESS CONTROL NUMBER
LC control number 2018949544
015 ## - NATIONAL BIBLIOGRAPHY NUMBER
National bibliography number GBB8K1097
Source bnb
016 7# - NATIONAL BIBLIOGRAPHIC AGENCY CONTROL NUMBER
Record control number 101744990
Source DNLM
016 7# - NATIONAL BIBLIOGRAPHIC AGENCY CONTROL NUMBER
Record control number 019114035
Source Uk
020 ## - INTERNATIONAL STANDARD BOOK NUMBER
International Standard Book Number 9780323552295
035 ## - SYSTEM CONTROL NUMBER
System control number (OCoLC)on1079273274
040 ## - CATALOGING SOURCE
Original cataloging agency NLM
Language of cataloging eng
Transcribing agency NLM
Description conventions rda
Modifying agency CUY
-- YDX
-- WAU
-- OCLCF
-- MDU
-- PAU
-- PZS
-- VAM
-- JF0
-- TEU
-- CULIB
-- UKMGB
-- OCLCO
-- OCL
-- OCLCA
-- CNMON
-- UKEHC
-- OCLCO
-- DLC
042 ## - AUTHENTICATION CODE
Authentication code pcc
050 00 - LIBRARY OF CONGRESS CALL NUMBER
Classification number RA 651
Item number .C45 2019
060 00 - NATIONAL LIBRARY OF MEDICINE CALL NUMBER
Classification number 2019 C-633
060 10 - NATIONAL LIBRARY OF MEDICINE CALL NUMBER
Classification number WA 105
100 1# - MAIN ENTRY--PERSONAL NAME
Personal name Celentano, David D.,
Relator term author.
245 10 - TITLE STATEMENT
Title Gordis epidemiology /
Statement of responsibility, etc. David D. Celentano, ScD, MHS, Dr. Charles Armstrong Chair and Professor Department of Epidemiology Johns Hopkins Bloomberg School of Public Health, Baltimore, Maryland, Moyses Szklo, MD. MPH, DrPH, University Distinguished Professor Department of Epidemiology Johns Hopkins Bloomberg School of Public Health, Baltimore, Maryland.
246 1# - VARYING FORM OF TITLE
Title proper/short title Epidemiology
250 ## - EDITION STATEMENT
Edition statement 6th ed.
300 ## - PHYSICAL DESCRIPTION
Extent xi, 420 pages :
Other physical details ill., col. ;
Dimensions 24 cm.
500 ## - GENERAL NOTE
General note Preceded by Epidemiology / Leon Gordis. Fifth edition. 2014.
504 ## - BIBLIOGRAPHY, ETC. NOTE
Bibliography, etc Includes bibliographical references and index.
505 0# - FORMATTED CONTENTS NOTE
Formatted contents note The dynamics of disease transmission -- The occurrence of disease: I. Disease surveillance and measures of morbidity -- The occurrence of disease:II. Morality and other measures of disease impact -- Assessing the validity and reliability of diagnostic and screening tests -- The natural history of disease: ways of expressing prognosis -- Observational studies -- Cohort studies -- Comparing cohort and case-control studies -- Assessing preventive and therapeutic measures: randomized trials -- Randomized trials: some further issues -- Estimating risk: is there an association? -- More on risk: estimating the potential for prevention -- From association to causation: deriving inferences from epidemiologic studies -- More on causal inference: bias, confounding, and interaction -- Identifying the roles of genetic and environmental factors in disease causation -- Using epidemiology to evaluate health services -- Epidemiologic approach to evaluating screening programs -- Epidemiology and public policy -- Ethical and professional issues in epidemiology.
520 ## - SUMMARY, ETC.
Summary, etc. This bestselling text provides a solid introduction to basic epidemiologic principles as well as practical application in public health and clinical practice, highlighted by real-world examples throughout. New coverage includes expanded information on genetic epidemiology, epidemiology and public policy, and ethical and professional issues in epidemiology, providing a strong basis for understanding the role and importance of epidemiology in today's data-driven society. -- From publisher's description.
650 #0 - SUBJECT ADDED ENTRY--TOPICAL TERM
Topical term or geographic name as entry element Epidemiology.
650 12 - SUBJECT ADDED ENTRY--TOPICAL TERM
Topical term or geographic name as entry element Epidemiology.
650 22 - SUBJECT ADDED ENTRY--TOPICAL TERM
Topical term or geographic name as entry element Epidemiologic Methods.
650 #6 - SUBJECT ADDED ENTRY--TOPICAL TERM
Topical term or geographic name as entry element Épidémiologie.
650 #7 - SUBJECT ADDED ENTRY--TOPICAL TERM
Topical term or geographic name as entry element Health and Fitness.
Source of heading or term eflch
650 #7 - SUBJECT ADDED ENTRY--TOPICAL TERM
Topical term or geographic name as entry element Epidemiology.
Source of heading or term fast
650 #7 - SUBJECT ADDED ENTRY--TOPICAL TERM
Topical term or geographic name as entry element Health and Wellbeing.
Source of heading or term ukslc
655 #7 - INDEX TERM--GENRE/FORM
Genre/form data or focus term Textbooks.
Source of term fast
655 #7 - INDEX TERM--GENRE/FORM
Genre/form data or focus term Textbooks.
Source of term lcgft
655 #7 - INDEX TERM--GENRE/FORM
Genre/form data or focus term Manuels d'enseignement supérieur.
Source of term rvmgf
700 1# - ADDED ENTRY--PERSONAL NAME
Personal name Szklo, M.
Fuller form of name (Moyses),
Relator term author.
700 1# - ADDED ENTRY--PERSONAL NAME
Personal name Gordis, Leon,
Dates associated with a name 1934-2015.
Title of a work Epidemiology.
906 ## - LOCAL DATA ELEMENT F, LDF (RLIN)
a 7
b cbc
c pccadap
d 2
e epcn
f 20
g y-gencatlg
942 ## - ADDED ENTRY ELEMENTS (KOHA)
Source of classification or shelving scheme
Classification part RA 651 .C45 2019
Koha item type Hard Covered Materials
Holdings
Withdrawn status Lost status Source of classification or shelving scheme Damaged status Not for loan Home library Current library Shelving location Date acquired Total Checkouts Full call number Barcode Date last seen Date last checked out Price effective from Koha item type
          MACHAKOS UNIVERSITY LIBRARY MACHAKOS UNIVERSITY LIBRARY Open shelf 18/09/2023 1 RA 651 .C45 2019 39717 13/03/2026 13/03/2026 17/10/2023 Hard Covered Materials
© Machakos University Library, Along The Highway, Machakos Wote Rd, Machakos, Kenya P.O. Box 136 - 90100 Machakos - Kenya

Tel: ( +254 ) 723 805829 OR Fax : 044-20353 OR Email: library@mksu.ac.ke